Statistics for Pixar Characters

Click here to take the quiz!

General Stats

  • This quiz has been taken 48,027 times
    (47,998 since last reset)
  • The average score is 12 of 20

Answer Stats

Description Character % Correct
The helpful post-war robotWALL-E
91%
Friendly blue fish with short-term memory lossDory
91%
Clownfish who lives in a dentist's aquariumNemo
86%
Cowboy doll who is devoted to his owner, AndySheriff Woody
84%
Round green monster with a Medusa-like girlfriendMike Wazowski
77%
Space Ranger from Starfleet CommandBuzz Lightyear
77%
The leading scarer, but not very scaryJames P. Sullivan
74%
Retired superhero who becomes an insurance adjusterBob Parr/Mr. Incredible
74%
Red sports car who wants to win the Piston CupLightning McQueen
74%
Cowgirl doll who doesn't want to go back into the darkJessie
70%
Rusty old (but good-natured) pick-up truckMater
61%
Superhero -- and mother of three other superheroesHelen Parr/Elastigirl
55%
Superhero who can freeze things in an instantFrozone
50%
The rodent who became a chefRemy
50%
Wannabe superhero who terrorizes superheroesBuddy Pine/Syndrome
38%
Feisty old man who flies his house to Paradise FallsCarl Fredericksen
35%
Prospector doll who wants to move to JapanStinky Pete
29%
Ant who wants to make a difference for his colonyFlik
29%
Grasshopper who intimidates the ant colonyHopper
29%
Owns a factory that produces electricity from screamsHenry J. Waternoose
22%

Score Distribution

Percentile by Number Answered

Percent of People with Each Score

Your Score History

You have not taken this quiz since the last reset